Мы в России. Наш дом. Учебный комплекс по развитию речи для изучающих русский язык как иностранный

Bibliografske podrobnosti
Glavni avtor: Н. А. Козлова
Drugi avtorji: М. А. Мартынова
Izvleček:Книга не входит в премиум-версию платформы «Русский как иностранный».
Учебный комплекс адресован взрослой аудитории иностранцев, которые живут и работают в России и осваивают базовый уровень (А2) владения русским языком. Комплекс состоит из пяти книг. Это лексико-грамматический словарь, мини-энциклопедия и три пособия («Наш дом», «Жизнь в большом городе», «Будьте здоровы! или Здравствуйте!»). Тексты, содержащиеся в пособиях, тематически связаны. В пособии «Наш дом» представлены тексты с типичными коммуникативными ситуациями, которые обычно возникают у живущих в России иностранцев при аренде квартиры или дачи, общении в магазине, на рынке, при обращении в ветеринарную клинику, в коммунально-жилищную службу. К текстам даются упражнения на развитие речи и отработку грамматического материала. Упражнения снабжены ключами, поэтому пособие может быть использовано как в работе с преподавателем, так и для самостоятельных занятий.
Гарантированный срок размещения на платформе до 31.12.2027 (автопролонгация)
Izdano: Москва, «Русский язык». Курсы, 2014
Izdaja:Мы в России. Наш дом. Учебный комплекс по развитию речи для изучающих русский язык как иностранный
Teme:
Online dostop:Перейти к просмотру издания
Format: Elektronski

MARC

LEADER 00000 a2200000 4500
001 RU/ROS-EDU.RU/79401
856 4 |u https://www.ros-edu.ru/book?id=79401  |z Перейти к просмотру издания 
010 |a 978-5-88337-320-5 
205 |a Мы в России. Наш дом. Учебный комплекс по развитию речи для изучающих русский язык как иностранный  |b 2027-12-31 
333 |a Гарантированный срок размещения на платформе до 31.12.2027 (автопролонгация) 
100 |a 20140101d2014 |||y0rusy0250   |s 2027-12-31 
105 |a y z 000zy 
101 0 |a rus 
102 |a RU 
200 1 |a Мы в России. Наш дом. Учебный комплекс по развитию речи для изучающих русский язык как иностранный  |b Электронный ресурс  |f Н. А. Козлова, М. А. Мартынова 
700 1 |b Н. А.  |a Козлова  |4 070 
701 1 |b М. А.  |a Мартынова  |4 070 
330 |a Учебный комплекс адресован взрослой аудитории иностранцев, которые живут и работают в России и осваивают базовый уровень (А2) владения русским языком. Комплекс состоит из пяти книг. Это лексико-грамматический словарь, мини-энциклопедия и три пособия («Наш дом», «Жизнь в большом городе», «Будьте здоровы! или Здравствуйте!»). Тексты, содержащиеся в пособиях, тематически связаны. В пособии «Наш дом» представлены тексты с типичными коммуникативными ситуациями, которые обычно возникают у живущих в России иностранцев при аренде квартиры или дачи, общении в магазине, на рынке, при обращении в ветеринарную клинику, в коммунально-жилищную службу. К текстам даются упражнения на развитие речи и отработку грамматического материала. Упражнения снабжены ключами, поэтому пособие может быть использовано как в работе с преподавателем, так и для самостоятельных занятий. 
210 |a Москва  |c «Русский язык». Курсы  |d 2014 
610 1 |a семья 
610 1 |a новоселье 
610 1 |a покупка 
610 1 |a отопление 
675 |a 811 
686 |a 81.2  |2 rubbk 
300 |a Книга не входит в премиум-версию платформы «Русский как иностранный». 
215 |a 96 с.